Department of external studies: (Record no. 47596)
[ view plain ]
| 000 -LEADER | |
|---|---|
| fixed length control field | 00558nam a22001457a 4500 |
| 008 - FIXED-LENGTH DATA ELEMENTS--GENERAL INFORMATION | |
| fixed length control field | 230627b |||||||| |||| 00| 0 eng d |
| 040 ## - CATALOGING SOURCE | |
| Original cataloging agency | National Science Library |
| Transcribing agency | National Science Library |
| 080 ## - UNIVERSAL DECIMAL CLASSIFICATION NUMBER | |
| Universal Decimal Classification number | 378.4(943)(075.5) |
| Item number | J5 |
| 245 ## - TITLE STATEMENT | |
| Title | Department of external studies: |
| Remainder of title | Handbooks regulations, details of courses, and Information for students |
| Statement of responsibility, etc. | / The University of Queenland Press |
| 260 ## - PUBLICATION, DISTRIBUTION, ETC. | |
| Place of publication, distribution, etc. | Brisbane: |
| Name of publisher, distributor, etc. | The University of Queenland Press, |
| Date of publication, distribution, etc. | 1954 |
| 300 ## - PHYSICAL DESCRIPTION | |
| Extent | 26p. |
| 490 ## - SERIES STATEMENT | |
| Series statement | University of Queensland |
| 650 ## - SUBJECT ADDED ENTRY--TOPICAL TERM | |
| Topical term or geographic name entry element | Science |
| 942 ## - ADDED ENTRY ELEMENTS (KOHA) | |
| Source of classification or shelving scheme | Universal Decimal Classification |
| Koha item type | Handbooks |
| Withdrawn status | Lost status | Source of classification or shelving scheme | Damaged status | Not for loan | Home library | Current library | Shelving location | Date acquired | Total Checkouts | Full call number | Barcode | Date last seen | Price effective from | Koha item type |
|---|---|---|---|---|---|---|---|---|---|---|---|---|---|---|
| Universal Decimal Classification | National Science Library | National Science Library | GF/Rk-9/C-11/R-5 | 01/04/1964 | 378.4(943)(075.5) J5 | 4029 | 27/06/2023 | 01/04/1964 | Handbooks |